Plant Anatomy And Embryology And Plant Biotechnology (sem-ii, Paper-i-ii) (Record no. 38897)

MARC details
000 -LEADER
fixed length control field 00526nam a2200193Ia 4500
008 - FIXED-LENGTH DATA ELEMENTS--GENERAL INFORMATION
fixed length control field 220531s9999 xx 000 0 und d
041 ## - LANGUAGE CODE
Language code of text/sound track or separate title eng
082 ## - DEWEY DECIMAL CLASSIFICATION NUMBER
Classification number -
Item number DHU
100 ## - MAIN ENTRY--PERSONAL NAME
Personal name Dhumal, K. N. And Others
9 (RLIN) 69331
245 ## - TITLE STATEMENT
Title Plant Anatomy And Embryology And Plant Biotechnology (sem-ii, Paper-i-ii)
250 ## - EDITION STATEMENT
Edition statement 1ST
260 ## - PUBLICATION, DISTRIBUTION, ETC. (IMPRINT)
Place of publication, distribution, etc. Pune
Name of publisher, distributor, etc. Nirali
Date of publication, distribution, etc. 2014
300 ## - PHYSICAL DESCRIPTION
Extent 9.8
542 ## - INFORMATION RELATING TO COPYRIGHT STATUS
Copyright holder 24-11-2014
551 ## -
-- Science
-- Non-grant-SCI
650 ## - SUBJECT ADDED ENTRY--TOPICAL TERM
Topical term or geographic name as entry element Botany
9 (RLIN) 69332
906 ## - LOCAL DATA ELEMENT F, LDF (RLIN)
d 2014-2015
f 3032
Holdings
Withdrawn status Lost status Source of classification or shelving scheme Damaged status Not for loan Collection code Home library Current library Date acquired Vendor Cost, normal purchase price Total Checkouts Total Holds Full call number Barcode Date last seen Bill Date Koha item type Original Barcode
Withdrawn   Dewey Decimal Classification       Shri Siddhivinayak Mahila Mahavidyalaya Shri Siddhivinayak Mahila Mahavidyalaya 27/11/2014 Nirali 200.00   5 -/DHU/B/20365 SSMM-BK-20365 06/08/2022 06/08/2022 Books 010020365